Devinez le Département Mystère #22 - Statistiques

Statistiques générales
  • Ce quiz a été pris 252 fois
  • Le résultat moyen est 28 sur 33
Statistiques - réponses
Type de Réponse Réponse % Correct
Lettre Trouvée E
100%
Lettre Trouvée N
100%
Lettre de l'Alphabet R
100%
Lettre de l'Alphabet O
98%
Lettre Trouvée A
97%
Lettre de l'Alphabet I
96%
Lettre Trouvée S
95%
Lettre de l'Alphabet T
94%
Lettre de l'Alphabet H
92%
Lettre Trouvée L
92%
Lettre de l'Alphabet U
92%
Lettre de l'Alphabet C
91%
Lettre Trouvée D
91%
Lettre de l'Alphabet M
90%
Lettre de l'Alphabet V
90%
Lettre Bien Placée A
83%
Lettre de l'Alphabet G
82%
Lettre de l'Alphabet Y
81%
Lettre de l'Alphabet B
80%
Lettre de l'Alphabet P
80%
Lettre Bien Placée E
79%
Lettre Bien Placée N
79%
Lettre de l'Alphabet F
77%
Lettre Bien Placée L
75%
Lettre de l'Alphabet Q
75%
Lettre de l'Alphabet Z
75%
Lettre Bien Placée S
74%
Lettre Bien Placée D
73%
Lettre de l'Alphabet J
72%
Lettre de l'Alphabet K
72%
Département Mystère Landes
72%
Lettre de l'Alphabet W
72%
Lettre de l'Alphabet X
72%
Aucun quiz correspondant
Distribution des résultats
% des personnes avec chaque résultat
Percentile par nombre de réponses
Votre historique - résultats
Vous n’avez pas pris ce quiz